[Event "Mitropa Cup 14th"]
[Site "Brno"]
[Date "1991.??.??"]
[Round "3"]
[White "Costa, Jean Luc"]
[Black "Marinelli, Tullio"]
[Result "1/2-1/2"]
[WhiteElo "2410"]
[BlackElo "2365"]
[PlyCount "104"]
[EventDate "1991.10.??"]
[EventType "team-tourn"]
[EventRounds "7"]
[EventCountry "CZE"]
[Source "ChessBase"]
[SourceDate "1992.02.01"]

1. d4 Nf6 2. c4 e6 3. Nc3 Bb4 4. Bd2 O-O 5. Nf3 b6 6. e3 Bxc3 7. Bxc3 Ne4 8.
Bb4 d6 9. Bd3 Bb7 10. O-O a5 11. Ba3 Na6 12. Nd2 f5 13. f3 Qg5 14. Qe2 Nxd2 15.
Qxd2 Nb4 16. b3 e5 17. d5 f4 18. exf4 Qxf4 19. Qxf4 Rxf4 20. Be4 Rxe4 21. fxe4
Nc2 22. Bb2 Nxa1 23. Rxa1 a4 24. b4 a3 25. Bc3 Kf7 26. Rc1 Ra4 27. Bd2 c5 28.
b5 h6 29. Kf2 Bc8 30. Ke2 Bg4+ 31. Kd3 Ke7 32. h3 Bh5 33. Rc3 Ra8 34. g4 Be8
35. Bc1 Bd7 36. Rxa3 Rxa3+ 37. Bxa3 h5 38. gxh5 Bxh3 39. Bc1 Bf1+ 40. Kc3 Bg2
41. Bg5+ Kd7 42. Kd3 Bf3 43. a4 Bxh5 44. Bd2 Bd1 45. a5 bxa5 46. Bxa5 g5 47.
Bd2 g4 48. Be1 Bb3 49. Bg3 Ba2 50. Bh4 Kc7 51. Be1 Bb1+ 52. Ke3 Ba2 1/2-1/2

[Event "Mitropa Cup 14th"]
[Site "Brno"]
[Date "1991.??.??"]
[Round "3"]
[White "Djuric, Stefan"]
[Black "Hoffmann, Michael"]
[Result "1-0"]
[WhiteElo "2535"]
[BlackElo "2465"]
[PlyCount "51"]
[EventDate "1991.10.??"]
[EventType "team-tourn"]
[EventRounds "7"]
[EventCountry "CZE"]
[Source "ChessBase"]
[SourceDate "1992.02.01"]

1. Nf3 Nf6 2. c4 c5 3. Nc3 e6 4. e3 d5 5. d4 cxd4 6. exd4 Bb4 7. cxd5 Nxd5 8.
Bd2 O-O 9. Bd3 Nc6 10. O-O Be7 11. Rc1 Bf6 12. Be3 g6 13. Bh6 Bg7 14. Bxg7 Kxg7
15. Be4 Nce7 16. Ne5 b6 17. Nxd5 Nxd5 18. Bxd5 Qxd5 19. Rc7 Bb7 20. Qg4 Rad8
21. h4 Qe4 22. h5 Qxg4 23. h6+ Kxh6 24. Nxg4+ Kg5 25. Ne5 Ba6 26. Rd1 1-0

[Event "Mitropa Cup 14th"]
[Site "Brno"]
[Date "1991.??.??"]
[Round "3"]
[White "Rossi, Carlo"]
[Black "Zueger, Beat"]
[Result "1/2-1/2"]
[WhiteElo "2325"]
[BlackElo "2430"]
[PlyCount "34"]
[EventDate "1991.10.??"]
[EventType "team-tourn"]
[EventRounds "7"]
[EventCountry "CZE"]
[Source "ChessBase"]
[SourceDate "1992.02.01"]

1. e4 e6 2. d3 d5 3. Nd2 Nf6 4. Ngf3 b6 5. c3 Be7 6. Qa4+ c6 7. e5 Nfd7 8. Qg4
O-O 9. d4 f5 10. Qh3 Ba6 11. g4 Qe8 12. Rg1 Qf7 13. gxf5 Bxf1 14. Qg3 Bd3 15.
fxe6 Qg6 16. exd7 Nxd7 17. Qxg6 Bxg6 1/2-1/2

[Event "Mitropa Cup 14th"]
[Site "Brno"]
[Date "1991.??.??"]
[Round "3"]
[White "Santolini, Luigi"]
[Black "Kupper, Patrick"]
[Result "1/2-1/2"]
[WhiteElo "2240"]
[BlackElo "2255"]
[PlyCount "60"]
[EventDate "1991.10.??"]
[EventType "team-tourn"]
[EventRounds "7"]
[EventCountry "CZE"]
[Source "ChessBase"]
[SourceDate "1992.02.01"]

1. d4 e6 2. c4 Nf6 3. Nc3 Bb4 4. e3 c5 5. Nge2 cxd4 6. exd4 d5 7. c5 Ne4 8. Bd2
Nxd2 9. Qxd2 b6 10. a3 Bxc3 11. Nxc3 bxc5 12. dxc5 a5 13. Bb5+ Bd7 14. b3 Qc7
15. Rc1 O-O 16. b4 axb4 17. axb4 Bxb5 18. Nxb5 Qe5+ 19. Qe2 Qxe2+ 20. Kxe2 Nc6
21. Nd6 Rfb8 22. Ra1 Nxb4 23. Rxa8 Rxa8 24. Rb1 Rb8 25. Rxb4 Rxb4 26. c6 Rb2+
27. Kd3 Rb3+ 28. Kd2 Rb2+ 29. Kd3 Rb3+ 30. Kd2 Rb2+ 1/2-1/2

[Event "Mitropa Cup 14th"]
[Site "Brno"]
[Date "1991.??.??"]
[Round "3"]
[White "Schlosser, Philipp"]
[Black "Popovic, Petar"]
[Result "1-0"]
[WhiteElo "2485"]
[BlackElo "2550"]
[PlyCount "105"]
[EventDate "1991.10.??"]
[EventType "team-tourn"]
[EventRounds "7"]
[EventCountry "CZE"]
[Source "ChessBase"]
[SourceDate "1992.02.01"]

1. Nf3 Nf6 2. c4 g6 3. Nc3 Bg7 4. e4 d6 5. d4 O-O 6. Be2 e5 7. O-O Nc6 8. Be3
Ng4 9. Bg5 f6 10. Bc1 Nh6 11. d5 Ne7 12. b4 Nf7 13. a4 f5 14. a5 h6 15. Nd2 Kh8
16. c5 Ng8 17. Nc4 Nf6 18. f3 f4 19. Ba3 Rg8 20. b5 Bf8 21. b6 axb6 22. axb6
Bd7 23. Qb3 dxc5 24. bxc7 Qxc7 25. Rfb1 Rb8 26. Qb6 Ne8 27. Nb5 Bxb5 28. Rxb5
Nfd6 29. Qxc7 Nxc7 30. Nxd6 Bxd6 31. Rb6 Rgd8 32. Rab1 Kg8 33. Bc4 Kf7 34. Rxb7
Rxb7 35. Rxb7 Ke7 36. Kf1 Rc8 37. Ke2 Kd8 38. Rb6 Kd7 39. Rc6 Ra8 40. Bxc5 Bxc5
41. Rxc5 Rb8 42. Rc6 Rb2+ 43. Kf1 Rb1+ 44. Kf2 Rb2+ 45. Kg1 Rb1+ 46. Bf1 Nb5
47. Rxg6 Nc3 48. g3 Ne2+ 49. Kf2 Nd4 50. gxf4 exf4 51. Bh3+ Ke8 52. Bg4 Rb2+
53. Kg1 1-0

[Event "Mitropa Cup 14th"]
[Site "Brno"]
[Date "1991.??.??"]
[Round "3"]
[White "Stohl, Igor"]
[Black "Fogarasi, Tibor"]
[Result "1/2-1/2"]
[WhiteElo "2555"]
[BlackElo "2420"]
[PlyCount "139"]
[EventDate "1991.10.??"]
[EventType "team-tourn"]
[EventRounds "7"]
[EventCountry "CZE"]
[Source "ChessBase"]
[SourceDate "1992.02.01"]

1. d4 d5 2. Nf3 e6 3. c4 c5 4. cxd5 exd5 5. Bg5 Be7 6. Bxe7 Nxe7 7. dxc5 O-O 8.
Nc3 Qa5 9. e3 Qxc5 10. Be2 Nbc6 11. O-O Rd8 12. Rc1 Bg4 13. Qa4 Bh5 14. Qb3 Na5
15. Qa4 Nac6 16. Rfd1 Qb6 17. Qa3 Rac8 18. h3 h6 19. Na4 Qb4 20. Qxb4 Nxb4 21.
a3 Nbc6 22. g4 Bg6 23. Rc3 Na5 24. Rxc8 Rxc8 25. Nc3 Rc5 26. Ne5 Bc2 27. Rd2
Bb3 28. Bf3 b6 29. Rd4 Nec6 30. Nxc6 Nxc6 31. Rd2 Ne7 32. e4 dxe4 33. Rd8+ Kh7
34. Bxe4+ g6 35. Rd7 Nc8 36. Nd5 Kg7 37. Nf4 Kf6 38. Bb7 a5 39. Nd3 Rc2 40.
Bxc8 Rxc8 41. Rd6+ Kg7 42. Rxb6 a4 43. Rb5 Rc2 44. Nc5 Bd5 45. Nxa4 Bc6 46. Rb4
Rc1+ 47. Kh2 g5 48. f4 Rc2+ 49. Kg1 gxf4 50. Rxf4 Bxa4 51. Rxa4 Rxb2 52. Rb4
Ra2 53. a4 Kg6 54. h4 h5 55. g5 f6 56. gxf6 Kxf6 57. Kf1 Ke6 58. Ke1 Kd6 59.
Kd1 Kc5 60. Rf4 Kb6 61. Ke1 Kc6 62. Rf6+ Kb7 63. Rf4 Kc6 64. Kf1 Kc7 65. Rc4+
Kd6 66. Kg1 Kd5 67. Rb4 Kc6 68. Rf4 Kc7 69. Rf7+ Kb6 70. Rf5 1/2-1/2

[Event "Mitropa Cup 14th"]
[Site "Brno"]
[Date "1991.??.??"]
[Round "3"]
[White "Varga, Zoltan"]
[Black "Vokac, Marek"]
[Result "1-0"]
[WhiteElo "2400"]
[BlackElo "2440"]
[PlyCount "125"]
[EventDate "1991.10.??"]
[EventType "team-tourn"]
[EventRounds "7"]
[EventCountry "CZE"]
[Source "ChessBase"]
[SourceDate "1992.02.01"]

1. e4 g6 2. d4 Bg7 3. c4 c5 4. d5 d6 5. Nc3 Nf6 6. Bg5 O-O 7. f3 e6 8. Qd2 exd5
9. Nxd5 Nc6 10. Bd3 Be6 11. Ne2 Bxd5 12. cxd5 Ne5 13. Nc3 Qb6 14. Be2 c4 15.
Be3 Qa5 16. O-O Rac8 17. Rfc1 Rfe8 18. b4 Qd8 19. a4 a6 20. a5 h5 21. Rc2 Nfd7
22. Rac1 f5 23. exf5 gxf5 24. Nd1 b5 25. axb6 Nxb6 26. h3 Ng6 27. Bxc4 f4 28.
Bf2 Rxc4 29. Rxc4 Nxc4 30. Rxc4 Qg5 31. Nc3 Ne5 32. Qe2 Rb8 33. Ne4 Qg6 34. Rc1
Rxb4 35. Kh1 a5 36. Be1 Rb8 37. Bxa5 Re8 38. Bd2 Rf8 39. Bb4 Rd8 40. Qd2 Bf8
41. Rc7 Qf5 42. Kh2 Nf7 43. Bc3 Bg7 44. Bxg7 Kxg7 45. Qd4+ Kf8 46. Qf6 Qxf6 47.
Nxf6 Ra8 48. Nxh5 Ra4 49. Rd7 Rd4 50. h4 Rxd5 51. Nxf4 Rf5 52. Ne6+ Ke8 53.
Ng7+ Kxd7 54. Nxf5 Ke6 55. g4 Ke5 56. Kg3 d5 57. Ne3 Nd6 58. Nf1 d4 59. Nd2 d3
60. h5 Kd4 61. Kf4 Nc4 62. h6 Nxd2 63. h7 1-0

[Event "Mitropa Cup 14th"]
[Site "Brno"]
[Date "1991.??.??"]
[Round "3"]
[White "Wirthensohn, Heinz"]
[Black "Bellia, Fabrizio"]
[Result "1/2-1/2"]
[WhiteElo "2445"]
[BlackElo "2270"]
[PlyCount "109"]
[EventDate "1991.10.??"]
[EventType "team-tourn"]
[EventRounds "7"]
[EventCountry "CZE"]
[Source "ChessBase"]
[SourceDate "1992.02.01"]

1. Nf3 Nf6 2. g3 g6 3. b3 Bg7 4. Bb2 O-O 5. Bg2 c5 6. c4 Nc6 7. O-O d5 8. cxd5
Nxd5 9. Bxg7 Kxg7 10. d4 cxd4 11. Nxd4 Ndb4 12. Nxc6 Nxc6 13. Qd2 Qxd2 14. Nxd2
Bd7 15. Ne4 b6 16. Rfd1 Rfd8 17. Rac1 Be8 18. Rxd8 Rxd8 19. f4 Bd7 20. Kf2 Rc8
21. Ke3 Nb4 22. Rxc8 Bxc8 23. Nc3 Bd7 24. Be4 f6 25. a3 Nc6 26. b4 Kf7 27. Kd3
e5 28. Kc4 exf4 29. gxf4 Nb8 30. h4 Be6+ 31. Bd5 Nc6 32. Nb5 Ke7 33. Nc7 Bd7
34. Bg2 Nb8 35. Nd5+ Kf7 36. b5 h6 37. Nb4 Ke7 38. Nd5+ Kf7 39. a4 g5 40. fxg5
fxg5 41. hxg5 hxg5 42. Kd4 Bg4 43. Nc3 Ke6 44. Bd5+ Ke7 45. Bc4 Be6 46. Nd5+
Kd6 47. Nf6 Bxc4 48. Ne4+ Ke6 49. Nxg5+ Kf5 50. Kxc4 Kxg5 51. Kd5 Nd7 52. Kc6
Nc5 53. a5 Na4 54. Kb7 bxa5 55. Ka6 1/2-1/2

[Event "Mitropa Cup 14th"]
[Site "Brno"]
[Date "1991.??.??"]
[Round "4"]
[White "Bellia, Fabrizio"]
[Black "Schlosser, Philipp"]
[Result "1/2-1/2"]
[WhiteElo "2270"]
[BlackElo "2485"]
[PlyCount "46"]
[EventDate "1991.10.??"]
[EventType "team-tourn"]
[EventRounds "7"]
[EventCountry "CZE"]
[Source "ChessBase"]
[SourceDate "1992.02.01"]

1. e4 d6 2. d4 g6 3. Nc3 Bg7 4. Nf3 a6 5. a4 Nf6 6. h3 O-O 7. Be3 b6 8. Be2 Bb7
9. Nd2 Nc6 10. O-O e5 11. d5 Nd4 12. Nf3 Nxe2+ 13. Qxe2 Qd7 14. Qd2 b5 15. axb5
axb5 16. b4 c6 17. Bg5 Rfc8 18. Bxf6 Bxf6 19. dxc6 Qxc6 20. Nd5 Bd8 21. Ne3 Be7
22. Nd5 Bd8 23. Ne3 Be7 1/2-1/2

[Event "Mitropa Cup 14th"]
[Site "Brno"]
[Date "1991.??.??"]
[Round "4"]
[White "Brestian, Egon"]
[Black "Costa, Jean Luc"]
[Result "1/2-1/2"]
[WhiteElo "2475"]
[BlackElo "2410"]
[PlyCount "114"]
[EventDate "1991.10.??"]
[EventType "team-tourn"]
[EventRounds "7"]
[EventCountry "CZE"]
[Source "ChessBase"]
[SourceDate "1992.02.01"]

1. c4 e6 2. Nf3 d5 3. g3 g6 4. Bg2 Bg7 5. O-O Ne7 6. d4 Nbc6 7. cxd5 exd5 8.
Nc3 Bg4 9. e3 Qd7 10. Qa4 O-O 11. b4 Qf5 12. Nd2 a5 13. b5 Nb4 14. a3 Nd3 15.
Qc2 Nxc1 16. Rfxc1 Qxc2 17. Rxc2 Bf5 18. Rcc1 c6 19. bxc6 bxc6 20. Na4 Rfb8 21.
Rc3 Bf8 22. h3 h5 23. Nf3 Bd7 24. Ne5 Be8 25. Bf1 Ra7 26. Kg2 f6 27. Nd3 Nf5
28. Nac5 Kf7 29. Rcc1 Bd6 30. Rcb1 Raa8 31. Nb7 Be7 32. Ndc5 Nd6 33. a4 Ra7 34.
Nxd6+ Bxd6 35. Rxb8 Bxb8 36. Rb1 Bd6 37. Bd3 f5 38. f4 Ke7 39. Kf3 Bd7 40. Nxd7
Rxd7 41. g4 hxg4+ 42. hxg4 fxg4+ 43. Kxg4 Bb4 44. Bxg6 Kf6 45. Bc2 Re7 46. Kf3
Bd2 47. Rb3 Bb4 48. Bd3 Re8 49. Bf1 Ke6 50. Rb2 c5 51. dxc5 Bxc5 52. Rd2 Kd6
53. Rd3 Re4 54. Bg2 Rxa4 55. Kg4 d4 56. exd4 Rxd4 57. Rxd4+ Bxd4 1/2-1/2

[Event "Mitropa Cup 14th"]
[Site "Brno"]
[Date "1991.??.??"]
[Round "4"]
[White "Damljanovic, Branko"]
[Black "Stohl, Igor"]
[Result "1/2-1/2"]
[WhiteElo "2585"]
[BlackElo "2555"]
[PlyCount "46"]
[EventDate "1991.10.??"]
[EventType "team-tourn"]
[EventRounds "7"]
[EventCountry "CZE"]
[Source "ChessBase"]
[SourceDate "1992.02.01"]

1. Nf3 Nf6 2. g3 g6 3. Bg2 Bg7 4. O-O O-O 5. c4 d5 6. cxd5 Nxd5 7. d4 Nb6 8.
Nc3 Nc6 9. e3 e5 10. d5 Na5 11. e4 c6 12. Bg5 f6 13. Be3 cxd5 14. Bxb6 Qxb6 15.
Nxd5 Qd8 16. Rc1 Nc6 17. Qb3 Rf7 18. Rfd1 Be6 19. Qe3 Rd7 20. Bf1 Kh8 21. Bc4
f5 22. Bb3 fxe4 23. Qxe4 Bf5 1/2-1/2

[Event "Mitropa Cup 14th"]
[Site "Brno"]
[Date "1991.??.??"]
[Round "4"]
[White "Hoffmann, Michael"]
[Black "Fabiano, Giuseppe"]
[Result "1/2-1/2"]
[WhiteElo "2465"]
[BlackElo "2270"]
[PlyCount "82"]
[EventDate "1991.10.??"]
[EventType "team-tourn"]
[EventRounds "7"]
[EventCountry "CZE"]
[Source "ChessBase"]
[SourceDate "1992.02.01"]

1. e4 c5 2. Nf3 d6 3. d4 cxd4 4. Nxd4 Nf6 5. Nc3 a6 6. Bc4 e6 7. Bb3 Nbd7 8. f4
Nc5 9. Qf3 Qc7 10. f5 Nxb3 11. axb3 Be7 12. fxe6 fxe6 13. Be3 O-O 14. O-O Bd7
15. Qh3 d5 16. Nxe6 Qe5 17. exd5 Nxd5 18. Nxd5 Qxd5 19. Rfd1 Bxe6 20. Rxd5 Bxh3
21. gxh3 Bf6 22. Bd4 Rae8 23. Rf1 Re2 24. Bxf6 Rxf6 25. Rxf6 gxf6 26. c4 Rxb2
27. Rd8+ Kf7 28. Rd7+ Kg6 29. Rxb7 a5 30. Rb5 Ra2 31. c5 a4 32. b4 Rb2 33. c6
a3 34. c7 Rc2 35. Rc5 Rxc5 36. bxc5 a2 37. c8=Q a1=Q+ 38. Kg2 Qb2+ 39. Kf3 Qc3+
40. Ke4 Qc4+ 41. Ke3 Qc3+ 1/2-1/2

[Event "Mitropa Cup 14th"]
[Site "Brno"]
[Date "1991.??.??"]
[Round "4"]
[White "Kupper, Patrick"]
[Black "Weinzettl, Ernst"]
[Result "1-0"]
[WhiteElo "2255"]
[BlackElo "2285"]
[PlyCount "85"]
[EventDate "1991.10.??"]
[EventType "team-tourn"]
[EventRounds "7"]
[EventCountry "CZE"]
[Source "ChessBase"]
[SourceDate "1992.02.01"]

1. e4 e6 2. d4 d5 3. Nc3 Bb4 4. e5 c5 5. Bd2 Ne7 6. Nf3 cxd4 7. Nb5 Bxd2+ 8.
Qxd2 O-O 9. Nbxd4 Nbc6 10. Bd3 Nxd4 11. Nxd4 f6 12. exf6 Rxf6 13. Qe3 Qb6 14.
O-O-O Nc6 15. c3 Bd7 16. Rhe1 e5 17. Nxc6 bxc6 18. f3 Re8 19. Qg5 h6 20. Qg3 e4
21. Bxe4 Rb8 22. Re2 Re6 23. Qf2 Qa6 24. a3 Rbe8 25. Red2 R6e7 26. Bd3 Qa4 27.
Qg3 Rf8 28. Qd6 Ref7 29. Bg6 Rf6 30. Qxd7 Rxg6 31. Re1 Qf4 32. Ree2 a5 33. h3
Rd6 34. Qc7 Rf7 35. Qxa5 d4 36. Re4 dxc3 37. Qxc3 Qg5 38. Kc2 Rxd2+ 39. Qxd2
Qc5+ 40. Kb1 Qf5 41. Qc2 Qd7 42. Qc4 Kh8 43. Re6 1-0

[Event "Mitropa Cup 14th"]
[Site "Brno"]
[Date "1991.??.??"]
[Round "4"]
[White "Luther, Thomas"]
[Black "Rossi, Carlo"]
[Result "1-0"]
[WhiteElo "2495"]
[BlackElo "2325"]
[PlyCount "83"]
[EventDate "1991.10.??"]
[EventType "team-tourn"]
[EventRounds "7"]
[EventCountry "CZE"]
[Source "ChessBase"]
[SourceDate "1992.02.01"]

1. e4 Nc6 2. Nf3 d6 3. d4 Nf6 4. Nc3 Bg4 5. Be2 e6 6. h3 Bh5 7. d5 exd5 8. exd5
Bxf3 9. Bxf3 Ne5 10. Be2 Be7 11. O-O c5 12. dxc6 bxc6 13. b3 O-O 14. Bb2 Ng6
15. Re1 d5 16. Na4 Ne4 17. Bf3 f5 18. c4 Bh4 19. Bd4 dxc4 20. Nc5 Qa5 21. Qc2
Rf7 22. Nxe4 fxe4 23. Rxe4 c5 24. Bc3 cxb3 25. Qxb3 Qd8 26. Rd1 Qc8 27. Qc4 Bf6
28. Bxf6 gxf6 29. Rg4 Rb8 30. Bd5 Rbb7 31. Bxb7 Qxb7 32. Qxc5 Qb2 33. Rgd4 Qxa2
34. Qc4 Qxc4 35. Rxc4 Ne5 36. Ra4 Kg7 37. Ra6 Kg6 38. Rda1 Rc7 39. Rxa7 Rc2 40.
R7a2 Rc4 41. Ra4 Rc2 42. R4a2 1-0

[Event "Mitropa Cup 14th"]
[Site "Brno"]
[Date "1991.??.??"]
[Round "4"]
[White "Marinelli, Tullio"]
[Black "Bischoff, Klaus"]
[Result "1/2-1/2"]
[WhiteElo "2365"]
[BlackElo "2510"]
[PlyCount "59"]
[EventDate "1991.10.??"]
[EventType "team-tourn"]
[EventRounds "7"]
[EventCountry "CZE"]
[Source "ChessBase"]
[SourceDate "1992.02.01"]

1. d4 e6 2. c4 Nf6 3. Nc3 Bb4 4. Qc2 d6 5. e3 O-O 6. Bd3 e5 7. Nge2 Nc6 8. Bd2
Ba5 9. O-O exd4 10. exd4 Bb6 11. Nd5 Nxd4 12. Nxd4 Bxd4 13. Nxf6+ Qxf6 14.
Bxh7+ Kh8 15. Be4 Be6 16. Be3 Bxe3 17. fxe3 Qe5 18. Rf3 g6 19. Rg3 c6 20. Bd3
Rg8 21. Rf1 f5 22. Rff3 Raf8 23. Rg5 Kg7 24. Qf2 Rh8 25. h4 Rh5 26. Rxh5 gxh5
27. Rf4 Rf6 28. b3 Qc3 29. Be2 Bf7 30. Rxf5 1/2-1/2

[Event "Mitropa Cup 14th"]
[Site "Brno"]
[Date "1991.??.??"]
[Round "4"]
[White "Popovic, Petar"]
[Black "Jirovsky, Milos"]
[Result "1-0"]
[WhiteElo "2550"]
[BlackElo "2310"]
[PlyCount "145"]
[EventDate "1991.10.??"]
[EventType "team-tourn"]
[EventRounds "7"]
[EventCountry "CZE"]
[Source "ChessBase"]
[SourceDate "1992.02.01"]

1. e4 c5 2. Nf3 d6 3. d4 cxd4 4. Nxd4 Nf6 5. Nc3 g6 6. Bc4 Nc6 7. Nxc6 bxc6 8.
e5 Ng4 9. exd6 Qxd6 10. Qxd6 exd6 11. O-O Be6 12. Bb3 d5 13. h3 Ne5 14. Be3 Bg7
15. Rad1 O-O 16. Na4 Bf5 17. f3 Rfe8 18. g4 Bc8 19. Kf2 f5 20. Bd4 fxg4 21.
hxg4 Rf8 22. Kg3 Ba6 23. Rf2 Rae8 24. Nc5 Bc8 25. c3 h5 26. gxh5 gxh5 27. Rh1
Rf5 28. f4 Ng4 29. Rf3 Re2 30. Ba4 Bxd4 31. cxd4 Ne3 32. Rf2 Rxf2 33. Kxf2 Nc4
34. Kg3 Rf6 35. Rxh5 Nxb2 36. Bc2 Nc4 37. Kf3 Nd6 38. Rg5+ Kf7 39. Rh5 Bf5 40.
Bxf5 Nxf5 41. Nb3 Ng7 42. Re5 Ne6 43. f5 Ng5+ 44. Kf4 Ne4 45. Nc5 Rh6 46. Nxe4
dxe4 47. Kxe4 Rh4+ 48. Kd3 Rh3+ 49. Kc4 Ra3 50. Re6 Rxa2 51. Rxc6 a5 52. Ra6
Ra1 53. Kb5 Rd1 54. Kc5 Rc1+ 55. Kd6 Ra1 56. d5 a4 57. Ke5 Re1+ 58. Kd4 Ra1 59.
Re6 Rd1+ 60. Kc5 a3 61. Re2 Ra1 62. Kd6 a2 63. Rc2 Kf6 64. Kc6 Ke5 65. d6 Rd1
66. Re2+ Kxf5 67. Rxa2 Ke6 68. Re2+ Kf7 69. Kc7 Rc1+ 70. Kd8 Rd1 71. d7 Rc1 72.
Rf2+ Kg7 73. Rf4 1-0

[Event "Mitropa Cup 14th"]
[Site "Brno"]
[Date "1991.??.??"]
[Round "4"]
[White "Velicka, Petr"]
[Black "Djuric, Stefan"]
[Result "1-0"]
[WhiteElo "2375"]
[BlackElo "2535"]
[Annotator "Bulletin"]
[PlyCount "81"]
[EventDate "1991.10.??"]
[EventType "team-tourn"]
[EventRounds "7"]
[EventCountry "CZE"]
[Source "ChessBase"]
[SourceDate "1992.02.01"]

1. e4 c5 2. Nf3 e6 3. d4 cxd4 4. Nxd4 Nf6 5. Nc3 d6 6. g4 h6 7. h4 a6 8. Rg1 h5
{Je-li zahrano a6, je lepe 9.g5 s dalsim 9...Jg4 10.f3! a cerny nema Db6} 9.
gxh5 Nxh5 10. Bg5 Qb6 $6 {10...Jf6 je lepsi} 11. Nb3 Nc6 12. Be2 Nf6 13. h5 $1
Qd8 $6 {13...Dc7 se hralo v partii Fedorowicz - Zs. Polgar, Wijk aan Zee, je
to lepsi} (13... Be7 14. Be3 {a Vxg7}) 14. Qd2 b5 15. O-O-O b4 16. Nd5 $5 Nxe4
$6 (16... exd5 17. exd5 Ne7 (17... Ne5 18. f4 Ne4 19. Qe3 Nxg5 20. fxe5 Be7 21.
exd6 Qxd6 22. Rxg5) 18. Rde1 {s kompenzaci, plan Sf3, Jd4}) 17. Bxd8 Nxd2 18.
Nc7+ Kxd8 19. Nxa8 Nxb3+ 20. axb3 $16 Bb7 21. Nb6 d5 22. Nc4 (22. Na4 $2 Kc7
$13) 22... Ke8 (22... Bc5 23. Rxg7 Nd4 24. Rxd4 Bxd4 25. Rxf7 dxc4 26. Rxb7 c3
27. Rxb4 cxb2+ 28. Kb1 {s vyhodou bileho}) 23. Ne3 Ne5 {chce hrat g6} 24. c4 {
24.f4? Sc5} dxc4 25. Nxc4 Nxc4 26. bxc4 Rh6 (26... Bc5 27. Rxg7 Bxf2 $16) 27.
Rd3 Bc6 28. Kd2 e5 29. Ra1 e4 30. Rg3 Bc5 (30... Bb7 31. Ra5 $16) 31. Rxg7 Bxf2
32. Rg8+ Ke7 33. Rxa6 e3+ 34. Kc1 Rd6 35. Ra7+ Bd7 (35... Kf6 36. h6 Be4 37.
Rf8 Rd2 38. Raxf7+ Kg6 (38... Kg5 39. h7 Rc2+ 40. Kb1 Rxe2+ 41. Ka2 Bxh7 42.
Rxh7 Rd2 43. Rg7+ Kh6 44. Rg2 Kh7 45. Rf3 Rd6 46. Rgxf2 exf2 47. Rxf2 $18) 39.
h7 Rxe2 40. Rg7+ $18) 36. c5 Rc6 (36... Rd2 37. c6) 37. h6 Rxh6 38. Bb5 Rc6 39.
Bxc6 e2 40. Rxd7+ Kf6 41. Re8 1-0

[Event "Mitropa Cup 14th"]
[Site "Brno"]
[Date "1991.??.??"]
[Round "4"]
[White "Vokac, Marek"]
[Black "Sokolov, Ivan"]
[Result "0-1"]
[WhiteElo "2440"]
[BlackElo "2570"]
[PlyCount "116"]
[EventDate "1991.10.??"]
[EventType "team-tourn"]
[EventRounds "7"]
[EventCountry "CZE"]
[Source "ChessBase"]
[SourceDate "1992.02.01"]

1. d4 Nf6 2. c4 e6 3. Nf3 b6 4. Nc3 Bb7 5. a3 d5 6. cxd5 exd5 7. Bg5 Be7 8. e3
O-O 9. Be2 Nbd7 10. O-O Re8 11. Qb3 c6 12. Rfd1 Bd6 13. Bh4 Nf8 14. e4 Be7 15.
exd5 Nxd5 16. Nxd5 cxd5 17. Bb5 Nd7 18. Bxe7 Rxe7 19. Bxd7 Qxd7 20. Re1 Rxe1+
21. Rxe1 Re8 22. Rxe8+ Qxe8 23. h3 f6 24. Qc3 Qe7 25. Nh4 Qd7 26. Qe3 Kf7 27.
Nf3 Qc7 28. Qd2 Bc8 29. Nh2 h5 30. Nf1 h4 31. Ne3 Be6 32. Nd1 a5 33. Nc3 Qc4
34. Ne2 g5 35. Nc3 Bf5 36. f4 g4 37. hxg4 Bxg4 38. Kh2 Kg6 39. Nd1 Qf1 40. Qc2+
Kh6 41. Nf2 Bc8 42. Qd2 Kg7 43. Qe3 Kf7 44. Qf3 Qc4 45. Qd1 Ke7 46. Qe1+ Kd6
47. Qe3 Qc2 48. b3 Bf5 49. g4 Bxg4 50. b4 axb4 51. axb4 Qe2 52. Qxe2 Bxe2 53.
Kh3 Ke6 54. Kxh4 Kf5 55. Kg3 b5 56. Nh3 Ke4 57. f5 Kxd4 58. Kf4 Kc3 0-1

[Event "Mitropa Cup 14th"]
[Site "Brno"]
[Date "1991.??.??"]
[Round "4"]
[White "Wittmann, Walter"]
[Black "Wirthensohn, Heinz"]
[Result "1/2-1/2"]
[WhiteElo "2370"]
[BlackElo "2445"]
[PlyCount "63"]
[EventDate "1991.10.??"]
[EventType "team-tourn"]
[EventRounds "7"]
[EventCountry "CZE"]
[Source "ChessBase"]
[SourceDate "1992.02.01"]

1. e4 c5 2. Nf3 Nc6 3. d4 cxd4 4. Nxd4 Nf6 5. Nc3 d6 6. Be3 e5 7. Nf3 Be7 8.
Bc4 O-O 9. O-O Na5 10. Bb3 h6 11. Qe2 Nxb3 12. axb3 a6 13. Rfd1 Bd7 14. Nd2 b5
15. Nf1 Qc7 16. Ng3 Bg4 17. f3 Be6 18. Rd2 Rfe8 19. Rad1 Bf8 20. Nh1 Qb7 21. g4
b4 22. Nd5 Nxd5 23. exd5 Bd7 24. Ng3 Be7 25. Kh1 Kh8 26. Qg2 Qc8 27. Rg1 Rg8
28. Qh3 Kh7 29. Nf5 Bf8 30. Ng3 g5 31. Qh5 Be8 32. Qh3 1/2-1/2

[Event "Mitropa Cup 14th"]
[Site "Brno"]
[Date "1991.??.??"]
[Round "4"]
[White "Zueger, Beat"]
[Black "Hoelzl, Franz"]
[Result "1/2-1/2"]
[WhiteElo "2430"]
[BlackElo "2385"]
[PlyCount "91"]
[EventDate "1991.10.??"]
[EventType "team-tourn"]
[EventRounds "7"]
[EventCountry "CZE"]
[Source "ChessBase"]
[SourceDate "1992.02.01"]

1. d4 Nf6 2. c4 e6 3. Nf3 d5 4. Nc3 Bb4 5. Qa4+ Nc6 6. e3 O-O 7. Bd2 Re8 8. Rd1
Bd6 9. c5 Bf8 10. Bb5 Bd7 11. O-O a6 12. Bxc6 Bxc6 13. Qc2 Nd7 14. b4 e5 15.
dxe5 Nxe5 16. Nxe5 Rxe5 17. e4 Qh4 18. exd5 Bxd5 19. Bf4 Be4 20. Qd2 Re6 21.
Bxc7 Bc6 22. a3 Rae8 23. Qd3 h5 24. Bg3 Qg5 25. h4 Qg4 26. Qd4 g6 27. Qxg4 hxg4
28. Nd5 Ba4 29. Nc7 Bxd1 30. Nxe6 Ba4 31. Nxf8 Kxf8 32. f3 gxf3 33. Rxf3 Bc6
34. Rf2 Re3 35. Bd6+ Kg7 36. Ra2 Rd3 37. a4 Kh6 38. b5 axb5 39. axb5 Bxb5 40.
Rb2 Bc6 41. Kf2 Kh5 42. g3 Rd4 43. Ke3 Re4+ 44. Kf2 Kg4 45. Re2 Rd4 46. Re7
1/2-1/2

[Event "Mitropa Cup 14th"]
[Site "Brno"]
[Date "1991.??.??"]
[Round "5"]
[White "Djuric, Stefan"]
[Black "Horvath, Tamas"]
[Result "1/2-1/2"]
[WhiteElo "2535"]
[BlackElo "2415"]
[PlyCount "101"]
[EventDate "1991.10.??"]
[EventType "team-tourn"]
[EventRounds "7"]
[EventCountry "CZE"]
[Source "ChessBase"]
[SourceDate "1992.02.01"]

1. d4 Nf6 2. c4 c5 3. d5 g6 4. Nc3 Bg7 5. e4 O-O 6. g4 e6 7. g5 Ne8 8. h4 Nd6
9. Be3 b6 10. h5 Qe7 11. Bd3 Bb7 12. Qg4 Na6 13. a3 Bd4 14. Rh3 Nc7 15. Nge2
Bxe3 16. Rxe3 b5 17. e5 Nxc4 18. Bxc4 exd5 19. Ba2 d4 20. hxg6 hxg6 21. Rh3
Qxe5 22. Qh4 Qg7 23. Ne4 Bxe4 24. Qxe4 d5 25. Qf4 d3 26. Rxd3 Qxb2 27. Qf6 Qxf6
28. gxf6 Rad8 29. Nf4 c4 30. Rd4 Rd6 31. Rad1 Rfd8 32. Kf1 Rxf6 33. Nxd5 Nxd5
34. Rxd5 Rxd5 35. Rxd5 a6 36. Ke1 Kg7 37. Ke2 Re6+ 38. Kd2 Rf6 39. Ke2 Re6+ 40.
Kd2 Rf6 41. Ke2 Rc6 42. Bb1 Kf6 43. Be4 Re6 44. Ke3 Ke7 45. Kd4 f5 46. Bf3 Kf6
47. Kc5 Kg5 48. Rd4 Re1 49. Bd1 Rf1 50. f3 Rf2 51. Kb6 1/2-1/2

[Event "Mitropa Cup 14th"]
[Site "Brno"]
[Date "1991.??.??"]
[Round "5"]
[White "Fogarasi, Tibor"]
[Black "Damljanovic, Branko"]
[Result "1/2-1/2"]
[WhiteElo "2420"]
[BlackElo "2585"]
[PlyCount "51"]
[EventDate "1991.10.??"]
[EventType "team-tourn"]
[EventRounds "7"]
[EventCountry "CZE"]
[Source "ChessBase"]
[SourceDate "1992.02.01"]

1. e4 c5 2. Nf3 Nc6 3. d4 cxd4 4. Nxd4 Nf6 5. Nc3 d6 6. Bg5 e6 7. Qd2 a6 8.
O-O-O Bd7 9. f4 b5 10. Nxc6 Bxc6 11. Bxf6 gxf6 12. Bd3 Qb6 13. Kb1 b4 14. Ne2
a5 15. f5 e5 16. Ng3 h5 17. Rhe1 Bh6 18. Qe2 h4 19. Nf1 Ke7 20. Bc4 Rag8 21.
Bxf7 Rg7 22. Bd5 Be8 23. Nd2 Bf4 24. Nf3 Qc5 25. Bc4 Bc6 26. b3 1/2-1/2